<?xml version="1.0" encoding="UTF-8"?>
<record
    xmlns:xsi="http://www.w3.org/2001/XMLSchema-instance"
    xsi:schemaLocation="http://www.loc.gov/MARC21/slim http://www.loc.gov/standards/marcxml/schema/MARC21slim.xsd"
    xmlns="http://www.loc.gov/MARC21/slim">

  <leader>00401pam a2200157 a 4500</leader>
  <datafield tag="020" ind1=" " ind2=" ">
    <subfield code="c"></subfield>
  </datafield>
  <datafield tag="041" ind1=" " ind2=" ">
    <subfield code="h"></subfield>
  </datafield>
  <datafield tag="082" ind1=" " ind2=" ">
    <subfield code="a">004.4</subfield>
    <subfield code="b">BUL</subfield>
  </datafield>
  <datafield tag="100" ind1=" " ind2=" ">
    <subfield code="a">Dr. Bulakh, P. M.</subfield>
  </datafield>
  <datafield tag="245" ind1=" " ind2=" ">
    <subfield code="a">Research Methodology </subfield>
    <subfield code="h">Textual Documents</subfield>
  </datafield>
  <datafield tag="260" ind1=" " ind2=" ">
    <subfield code="a">Mumbai:</subfield>
    <subfield code="b">Expert Trading Corporation,</subfield>
    <subfield code="c">2010.</subfield>
  </datafield>
  <datafield tag="300" ind1=" " ind2=" ">
    <subfield code="a">118.</subfield>
  </datafield>
  <datafield tag="653" ind1=" " ind2=" ">
    <subfield code="a">Research Methodology</subfield>
  </datafield>
  <datafield tag="700" ind1=" " ind2=" ">
    <subfield code="a">Dr. Patki, P. S.</subfield>
    <subfield code="a">Dr. Chowdgary, A. S.</subfield>
  </datafield>
  <datafield tag="930" ind1=" " ind2=" ">
    <subfield code="a">1119</subfield>
  </datafield>
  <datafield tag="999" ind1=" " ind2=" ">
    <subfield code="c">74416</subfield>
    <subfield code="d">74416</subfield>
  </datafield>
  <datafield tag="952" ind1=" " ind2=" ">
    <subfield code="0">0</subfield>
    <subfield code="1">0</subfield>
    <subfield code="4">0</subfield>
    <subfield code="7">0</subfield>
    <subfield code="8">General </subfield>
    <subfield code="a">PCP</subfield>
    <subfield code="b">PCP</subfield>
    <subfield code="d">2013-11-11</subfield>
    <subfield code="e">Expert Trading Corporation</subfield>
    <subfield code="g">480.00</subfield>
    <subfield code="l">0</subfield>
    <subfield code="o">004.4 BUL</subfield>
    <subfield code="p">PCP-phrd-3296</subfield>
    <subfield code="r">2023-02-24 00:00:00</subfield>
    <subfield code="t">5</subfield>
    <subfield code="w">2023-02-24</subfield>
    <subfield code="y">BK</subfield>
  </datafield>
  <datafield tag="952" ind1=" " ind2=" ">
    <subfield code="0">0</subfield>
    <subfield code="1">0</subfield>
    <subfield code="4">0</subfield>
    <subfield code="7">0</subfield>
    <subfield code="8">General </subfield>
    <subfield code="a">PCP</subfield>
    <subfield code="b">PCP</subfield>
    <subfield code="d">2013-11-11</subfield>
    <subfield code="e">Expert Trading Corporation</subfield>
    <subfield code="g">480.00</subfield>
    <subfield code="l">0</subfield>
    <subfield code="o">004.4 BUL</subfield>
    <subfield code="p">PCP-phrd-3295</subfield>
    <subfield code="r">2023-02-24 00:00:00</subfield>
    <subfield code="t">4</subfield>
    <subfield code="w">2023-02-24</subfield>
    <subfield code="y">BK</subfield>
  </datafield>
  <datafield tag="952" ind1=" " ind2=" ">
    <subfield code="0">0</subfield>
    <subfield code="1">0</subfield>
    <subfield code="4">0</subfield>
    <subfield code="7">0</subfield>
    <subfield code="8">General </subfield>
    <subfield code="a">PCP</subfield>
    <subfield code="b">PCP</subfield>
    <subfield code="d">2013-11-11</subfield>
    <subfield code="e">Expert Trading Corporation</subfield>
    <subfield code="g">480.00</subfield>
    <subfield code="l">0</subfield>
    <subfield code="o">004.4 BUL</subfield>
    <subfield code="p">PCP-phrd-3294</subfield>
    <subfield code="r">2023-02-24 00:00:00</subfield>
    <subfield code="t">3</subfield>
    <subfield code="w">2023-02-24</subfield>
    <subfield code="y">BK</subfield>
  </datafield>
  <datafield tag="952" ind1=" " ind2=" ">
    <subfield code="0">0</subfield>
    <subfield code="1">0</subfield>
    <subfield code="4">0</subfield>
    <subfield code="7">0</subfield>
    <subfield code="8">General </subfield>
    <subfield code="a">PCP</subfield>
    <subfield code="b">PCP</subfield>
    <subfield code="d">2013-11-11</subfield>
    <subfield code="e">Expert Trading Corporation</subfield>
    <subfield code="g">480.00</subfield>
    <subfield code="l">0</subfield>
    <subfield code="o">004.4 BUL</subfield>
    <subfield code="p">PCP-phrd-3293</subfield>
    <subfield code="r">2023-02-24 00:00:00</subfield>
    <subfield code="t">2</subfield>
    <subfield code="w">2023-02-24</subfield>
    <subfield code="y">BK</subfield>
  </datafield>
  <datafield tag="952" ind1=" " ind2=" ">
    <subfield code="0">0</subfield>
    <subfield code="1">0</subfield>
    <subfield code="4">0</subfield>
    <subfield code="7">0</subfield>
    <subfield code="8">General </subfield>
    <subfield code="a">PCP</subfield>
    <subfield code="b">PCP</subfield>
    <subfield code="d">2013-11-11</subfield>
    <subfield code="e">Expert Trading Corporation</subfield>
    <subfield code="g">480.00</subfield>
    <subfield code="l">1</subfield>
    <subfield code="o">004.4 BUL</subfield>
    <subfield code="p">PCP-PHRD-3292</subfield>
    <subfield code="r">2026-07-01 14:58:42</subfield>
    <subfield code="s">2025-11-21</subfield>
    <subfield code="t">1</subfield>
    <subfield code="w">2023-02-24</subfield>
    <subfield code="y">BK</subfield>
  </datafield>
</record>
